00606nab a2200193uuc4500001000800000005001700008008004100025035001200066040001300078041000800091100003800099245002600137650002600163650001900189650002500208700004000233700002900273773011000302131085920240202111546.0130115e20121101 spa  a1310859 ccomduadb aspa10aFernández Porta, Eloy4iveeive10aEntrevista (mínima) aFernandez Porta, Eloy aCritica social aEnsayistas espanoles10aRodriguez Zavaleta, Jaime4ivreivr10aSalas, Lisbeth4phtepht0 tQuimera : Revista de Literatura (Barcelona)gNúmero 348, Noviembre 2012, p. 9w111265x0211-3325089608